| 000 | 00560nam a2200169 i 4500 | ||
|---|---|---|---|
| 001 | 42144 | ||
| 003 | ES-MaACL | ||
| 005 | 20230906160545.0 | ||
| 007 | t| | ||
| 008 | 030312s1964 sp ||||1| spa d | ||
| 100 | 1 |
_aCastiglioni, Pietro. _936640 |
|
| 245 | 1 | 0 |
_aEconometría para dirigentes de empresas / _cpor Pietro Castiglioni ; traducción y prólogo por Antonio Serra Ramoneda. |
| 260 |
_aBarcelona : _bAriel, _c1964. |
||
| 300 |
_a306 p., 5 gráf. pleg. ; _c24 cm. |
||
| 700 | 1 |
_aSerra Ramoneda, Antonio. _9105656 |
|
| 852 |
_aES-MaACL _jC-25875 _bR.54640 |
||
| 999 |
_c42144 _d42144 |
||